| 000 | 00612nam a2200157 i 4500 | ||
|---|---|---|---|
| 001 | 86464 | ||
| 003 | ES-MaACL | ||
| 007 | t| | ||
| 008 | 041213s1938 xxk ||||1| eng d | ||
| 100 | 1 |
_aKantorowicz, Hermann. _967507 |
|
| 245 | 1 | 0 |
_aStudies in the glossators of the roman law / _cnewly discovered writings of the twelfth century edited and explained by Hermann Kantorowicz ; with the collaboration of W.W. Buckland. |
| 260 |
_aCambridge : _bThe University Press, _c1938 ( _fWalter Lewis) |
||
| 300 |
_aXVI, 323 p., 1 lám. ; _c24 cm. |
||
| 700 | 1 |
_aBuckland, W. W. _932322 |
|
| 852 |
_aES-MaACL _jE-1740 _bR.22536 |
||
| 999 |
_c86464 _d86464 |
||